[Event "FIDE World Cup"]
[Site "Tbilisi"]
[Date "2017.09.04"]
[Round "1.2"]
[White "So, Wesley"]
[Black "Ruiz Castillo, Joshua Daniel"]
[Result "1/2-1/2"]
[WhiteElo "2792"]
[BlackElo "2377"]
[Annotator "Ruiz,J/Macieja"]
[PlyCount "62"]
[EventDate "2017.09.03"]
[EventType "k.o."]
[EventRounds "7"]
[EventCountry "GEO"]
[SourceTitle "CBM 182"]
[Source "ChessBase"]
[SourceDate "2018.01.17"]
[SourceVersion "1"]
[SourceVersionDate "2018.01.17"]
[SourceQuality "1"]

1. d4 Nf6 2. c4 e6 3. g3 d5 4. Bg2 Bb4+ 5. Bd2 Be7 6. Nf3 O-O 7. O-O Nbd7 8.
Qc2 c6 9. Bf4 Ne4 10. Nc3 g5 11. Be3 Nd6 12. cxd5 cxd5 $6 {Too passive.} ({
I should have tried} 12... exd5 13. Qc1 (13. Ne5 Nb6 $1 (13... Bf6 14. f4 Bg7
15. Rad1 $1 $14) (13... Nxe5 14. dxe5 Nf5 15. Bd2 $11) 14. b3 Bf5 {with a
great position.}) 13... f6 14. h4 h6 $11) 13. Rfd1 b6 $6 (13... b5 $1 {to gain
space on the queenside was more aggressive.} 14. a3 (14. Ne5 Bb7 15. Nd3 a5 16.
Nc5 Bc6 $11) 14... Nb6 15. Ne5 Bb7 16. Bd2 a5 17. Nd3 Rc8 18. Nc5 Bc6 $11 {
I was afraid to give the c5-square to my opponent.}) 14. Ne5 (14. Qc1 $5 {
was another interesting plan.} h6 (14... g4 $2 15. Ne5 $18) 15. h4 Nc4 (15...
f6 $2 16. Nxd5 $1 exd5 17. Nxg5 $18) 16. hxg5 Nxe3 17. Qxe3 hxg5 18. Bh3 Bf6
19. Kg2 Kg7 $14) 14... Bb7 15. Qa4 Nb8 $1 {Protecting the light squares and
keeping the position closed.} (15... Nxe5 16. dxe5 Nf5 (16... Nc4 $4 17. Qxc4
$1 dxc4 18. Rxd8 $18) 17. Bd2 $14) 16. Rac1 f6 (16... Qe8 $5 {was a good
defensive move.}) 17. Bh3 $5 f5 $6 ({I considered} 17... Nf5 $5 {really
interesting, as after} 18. Bxf5 exf5 19. Nd3 Nc6 {White didn't have an easy
way to improve his position, but eventually I decided to keep my structure
solid.}) ({A simple move such as} 17... Bc8 $1 {[%cal Gc8d7,Gb8c6] defending
the e6-pawn, followed by ...Bd7 and ...Nc6, was much stronger. I was nervous
though, as I was facing one of the best players in the world.} 18. Nd3 Bd7 19.
Qc2 Nc4 20. Bd2 Nc6 21. e3 Rc8 $11) 18. Bg2 {...f5 has been provoked, there
are no tasks remaining for the bishop on h3-c8 diagonal.} (18. Nb5 $6 Qe8 $5 (
18... Nxb5 19. Qxb5 Ba6 20. Qa4 Bxe2 21. Re1 $44) 19. Rc7 $6 (19. Nc3) 19...
Bd8 $5 (19... Nxb5 20. Rxb7 Nd6 21. Qxe8 Rxe8 22. Rc7 Na6 23. Rc3 Bf6 24. Rdc1
Rec8 25. Rc6 Rxc6 26. Rxc6 Rd8 27. a3 Nb8 28. Rc7 a5 $11) (19... a6 20. Rxe7 $1
Qxe7 21. Nxd6 Qxd6 22. Bxg5 Nc6 23. Bf4 Nxe5 24. Bxe5 Qe7 25. Qb3 $44) 20. Qb4
$1 Nxb5 21. Rxb7 a5 22. Qb3 Nd6 23. Rxb6 Bxb6 24. Qxb6 Ra6 25. Qc7 $44) 18...
Nf7 $6 {Trying to exchange the strong knight, but losing control over the
b5-square.} (18... Bf6 $14) 19. Nb5 $1 Qe8 $6 (19... Na6 20. Qb3 $5 (20. Nc6
Bxc6 21. Rxc6 Qd7 22. Rc2 $1 Nd6 23. Qxa6 Qxb5 (23... Nxb5 $6 24. Rdc1 $1 f4
25. Bd2 Nxd4 26. Rc7 $16) 24. Qxb5 Nxb5 25. Rc6 Kf7 26. a4 Nd6 27. Bxg5 Bxg5
28. Rxd6 Ke7 29. Rc6 Rfc8 $14) 20... Nxe5 21. dxe5 Nc5 22. Qa3 $16) (19... Nxe5
20. dxe5 Nc6 21. Rc3 $36) 20. Qb3 Na6 21. Nc7 $2 {Missing an opportunity to
obtain a decisive advantage.} (21. Nxa7 $1 Nb4 (21... Rxa7 22. Qxb6 Qb8 23.
Qxe6 $18) 22. Nxf7 Rxf7 23. Bd2 $1 Rxa7 24. Bxb4 Bxb4 25. Qxb4 Rxa2 26. Qxb6
$18) 21... Nxc7 22. Rxc7 Nxe5 23. dxe5 Rb8 24. Rdc1 $6 ({We both saw} 24. Rxb7
$1 {but as my opponent needed a draw to qualify to the next round of the World
Cup, I think he didn't want to take any risk.} Rxb7 25. Bxd5 Rc7 26. Bxe6+ Kg7
27. Bd2 $1 $16) 24... Rf7 {Now Black's position is solid again.} 25. Bd2 Rc8 $5
26. Rxc8 (26. Rxb7 Rxc1+ 27. Bxc1 Qc8 28. Rxa7 (28. Bxd5 exd5 (28... Qxc1+ $2
29. Kg2 exd5 30. e6 $18) 29. e6 Qxb7 30. exf7+ Kxf7 $14) 28... Qxc1+ 29. Bf1
Bc5 30. Rxf7 Kxf7 $14) 26... Bxc8 27. Rc7 Bc5 $1 28. Rxf7 Qxf7 29. Qa4 (29.
Bxg5 Qh5 30. Be3 Qxe2 31. Bf1 Qe1 32. Qa4 $11) ({The only try to play for a
win was} 29. Qc2 $1 Ba6 (29... Qc7 $2 30. Qc1 $1 {[%cal Gd2g5,Gb2b4]}) 30. Qa4
$1 Bxe2 31. Bxg5 $14) 29... Qd7 $5 30. Qxd7 Bxd7 31. Bxg5 Bd4 1/2-1/2

[Event "FIDE World Cup"]
[Site "Tbilisi"]
[Date "2017.09.04"]
[Round "1.2"]
[White "Solomon, Kenny"]
[Black "Caruana, Fabiano"]
[Result "0-1"]
[WhiteElo "2398"]
[BlackElo "2807"]
[PlyCount "102"]
[EventDate "2017.09.03"]
[EventType "k.o."]
[EventRounds "7"]
[EventCountry "GEO"]
[SourceTitle "CBM 181"]
[Source "ChessBase"]
[SourceDate "2017.11.10"]
[SourceVersion "1"]
[SourceVersionDate "2017.11.10"]
[SourceQuality "1"]

1. e4 e5 2. Nf3 Nc6 3. Bb5 a6 4. Ba4 g6 5. O-O Bg7 6. c3 d6 7. d4 Bd7 8. Re1
Nf6 9. d5 Ne7 10. c4 h6 11. Nc3 O-O 12. Bc2 Nh7 13. b4 f5 14. exf5 gxf5 15. Bb2
Ng6 16. Ne2 Ng5 17. Ng3 Nxf3+ 18. Qxf3 e4 19. Qb3 Bxb2 20. Qxb2 Qg5 21. Qc1 a5
22. b5 Ne5 23. Qxg5+ hxg5 24. Rac1 Kg7 25. Bb1 b6 26. Rc3 Rh8 27. h3 Rh4 28.
Kf1 g4 29. hxg4 Rxg4 30. Bc2 Rh8 31. Bd1 Rg5 32. Kg1 Be8 33. Bc2 Bg6 34. Kf1
Rg4 35. Ke2 Rh2 36. Rg1 f4 37. Nxe4 f3+ 38. Ke3 fxg2 39. f3 Rh3 40. Nd2 Rh1 41.
Kf2 Rxg1 42. Kxg1 Rd4 43. Nb3 Rxc4 44. Rxc4 Nxc4 45. Bxg6 Kxg6 46. Kxg2 Kf5 47.
Kg3 Ke5 48. f4+ Kxd5 49. Kg4 Ke4 50. Kg5 a4 51. Nc1 d5 0-1

[Event "FIDE World Cup"]
[Site "Tbilisi"]
[Date "2017.09.04"]
[Round "1.2"]
[White "Stupak, Kirill"]
[Black "Gelfand, Boris"]
[Result "1/2-1/2"]
[WhiteElo "2573"]
[BlackElo "2729"]
[PlyCount "72"]
[EventDate "2017.09.03"]
[EventType "k.o."]
[EventRounds "7"]
[EventCountry "GEO"]
[SourceTitle "CBM 181"]
[Source "ChessBase"]
[SourceDate "2017.11.10"]
[SourceVersion "1"]
[SourceVersionDate "2017.11.10"]
[SourceQuality "1"]

1. d4 Nf6 2. Nf3 d5 3. Bf4 c5 4. e3 Nc6 5. c3 Qb6 6. Qb3 c4 7. Qc2 Bf5 8. Qc1
h6 9. h3 e6 10. Nbd2 Be7 11. Be2 Qd8 12. Ne5 Nxe5 13. Bxe5 O-O 14. O-O b5 15.
Re1 Ne4 16. Bf3 Ng5 17. Bd1 Bd6 18. Bxd6 Qxd6 19. Bc2 Bxc2 20. Qxc2 f5 21. b3
Rfc8 22. bxc4 bxc4 23. Qa4 Ne4 24. Nxe4 fxe4 25. Reb1 Rc7 26. Rb5 Rf8 27. Rab1
Rcf7 28. R1b2 Kh7 29. Qb4 Qd8 30. a4 a5 31. Rxa5 Qh4 32. Qd6 Rxf2 33. Rxf2
Qxf2+ 34. Kh2 Rf6 35. Qg3 Qd2 36. Ra8 Rg6 1/2-1/2

[Event "FIDE World Cup"]
[Site "Tbilisi"]
[Date "2017.09.04"]
[Round "1.2"]
[White "Svidler, Peter"]
[Black "Vakhidov, Jahongir"]
[Result "1-0"]
[WhiteElo "2751"]
[BlackElo "2529"]
[PlyCount "61"]
[EventDate "2017.09.03"]
[EventType "k.o."]
[EventRounds "7"]
[EventCountry "GEO"]
[SourceTitle "CBM 181"]
[Source "ChessBase"]
[SourceDate "2017.11.10"]
[SourceVersion "1"]
[SourceVersionDate "2017.11.10"]
[SourceQuality "1"]

1. Nf3 g6 2. e4 d5 3. exd5 Qxd5 4. Nc3 Qd6 5. d4 Nf6 6. Nb5 Qd8 7. a4 Bg7 8.
Be2 O-O 9. O-O Ne8 10. c3 Bg4 11. h3 Be6 12. Bf4 Nc6 13. Re1 Bd5 14. Na3 Nd6
15. Nc2 Na5 16. Nd2 f6 17. Ne3 Bf7 18. d5 b6 19. Nf3 c5 20. Qc2 a6 21. h4 Re8
22. h5 c4 23. Nd4 Qd7 24. hxg6 Bxg6 25. Qd1 Rac8 26. Bxd6 Qxd6 27. Bg4 Rb8 28.
Nef5 Bxf5 29. Bxf5 Qf4 30. Re4 Qh6 31. g3 1-0

[Event "FIDE World Cup"]
[Site "Tbilisi"]
[Date "2017.09.04"]
[Round "1.2"]
[White "Tomashevsky, Evgeny"]
[Black "Antipov, Mikhail Al"]
[Result "1/2-1/2"]
[WhiteElo "2710"]
[BlackElo "2580"]
[PlyCount "151"]
[EventDate "2017.09.03"]
[EventType "k.o."]
[EventRounds "7"]
[EventCountry "GEO"]
[SourceTitle "CBM 181"]
[Source "ChessBase"]
[SourceDate "2017.11.10"]
[SourceVersion "1"]
[SourceVersionDate "2017.11.10"]
[SourceQuality "1"]

1. d4 Nf6 2. c4 e6 3. Nf3 Bb4+ 4. Bd2 Qe7 5. g3 Bxd2+ 6. Qxd2 Nc6 7. Nc3 d5 8.
cxd5 exd5 9. Bg2 Bf5 10. Rc1 Be4 11. O-O O-O 12. Rfd1 Rfe8 13. Qf4 Nh5 14. Qh4
Nf6 15. Qf4 Nh5 16. Qg5 Qxg5 17. Nxg5 Bxg2 18. Kxg2 Nf6 19. e3 Re7 20. Nh3 a6
21. Nf4 Rd8 22. b4 Na7 23. a4 Nc8 24. Rc2 Nb6 25. a5 Na8 26. b5 axb5 27. Nxb5
c6 28. Nc3 Nc7 29. Rb1 Na6 30. Rcb2 Rdd7 31. Nd3 Rc7 32. Rb6 h5 33. h3 Ne8 34.
Na4 Nd6 35. Nac5 Nxc5 36. Nxc5 g6 37. g4 hxg4 38. hxg4 g5 39. a6 bxa6 40. Nxa6
Rc8 41. Nb4 Re4 42. Nxc6 Rxg4+ 43. Kf3 Re4 44. Ne7+ Rxe7 45. Rxd6 Kg7 46. Rxd5
f6 47. Rb6 Rc2 48. Rf5 Rf7 49. Rd6 Rc1 50. Kg2 Re1 51. Re6 Rf8 52. Ra5 Rd1 53.
Raa6 Kg6 54. Kf3 Rd2 55. Rad6 Rf7 56. Kg3 Rd3 57. f3 Kg7 58. Kg4 Rd1 59. Kh3
Rh1+ 60. Kg3 Rg1+ 61. Kf2 Ra1 62. e4 Rfa7 63. e5 R7a2+ 64. Ke3 fxe5 65. Rd7+
Kf8 66. Rh6 exd4+ 67. Kd3 Ra3+ 68. Kc4 Ra4+ 69. Kd5 Ra5+ 70. Ke4 Re1+ 71. Kd3
Ra3+ 72. Kd2 Re7 73. Rh8+ Kg7 74. Rxe7+ Kxh8 75. Re5 Rxf3 76. Rxg5 1/2-1/2

[Event "FIDE World Cup"]
[Site "Tbilisi"]
[Date "2017.09.04"]
[Round "1.2"]
[White "Vitiugov, Nikita"]
[Black "Kulaots, Kaido"]
[Result "1-0"]
[WhiteElo "2724"]
[BlackElo "2577"]
[PlyCount "125"]
[EventDate "2017.09.03"]
[EventType "k.o."]
[EventRounds "7"]
[EventCountry "GEO"]
[SourceTitle "CBM 181"]
[Source "ChessBase"]
[SourceDate "2017.11.10"]
[SourceVersion "1"]
[SourceVersionDate "2017.11.10"]
[SourceQuality "1"]

1. d4 Nf6 2. c4 g6 3. Nc3 d5 4. cxd5 Nxd5 5. e4 Nxc3 6. bxc3 Bg7 7. Nf3 c5 8.
h3 O-O 9. Be2 b6 10. Be3 Bb7 11. Qd3 e6 12. O-O Nd7 13. a4 Qc7 14. a5 bxa5 15.
Rfd1 cxd4 16. cxd4 Rfc8 17. Rdc1 Qd6 18. Rcb1 Qc6 19. Nd2 a4 20. Bf3 Nb6 21. e5
Qd7 22. Bxb7 Qxb7 23. Rxa4 Qd7 24. Ra5 Nd5 25. Ne4 Rab8 26. Rba1 Rc7 27. Bg5
Rbc8 28. Qa3 Qc6 29. Rxa7 h6 30. Rc1 Qb6 31. Rcxc7 Nxc7 32. Nd6 Rb8 33. Be3 Nb5
34. Nxb5 Qxb5 35. Kh2 Qb1 36. Qd6 Rf8 37. Qc6 Qd3 38. Rd7 g5 39. Rb7 Qf5 40.
Rb3 Rd8 41. g4 Qg6 42. Kg2 Kh7 43. Kf3 Rf8 44. Ke2 Rd8 45. Rb7 Ra8 46. Kf3 Rf8
47. Ra7 Kg8 48. Kg2 Kh7 49. Qf3 Kg8 50. Rd7 Rb8 51. Bd2 Rb2 52. Bc1 Rb1 53. Ba3
Re1 54. Bb4 Re4 55. Bd2 Bh8 56. Rd8+ Kh7 57. Be3 f5 58. exf6 Bxf6 59. Rf8 Bg7
60. Qf7 Qxf7 61. Rxf7 Kg6 62. Rxg7+ Kxg7 63. Kf3 1-0

[Event "FIDE World Cup"]
[Site "Tbilisi"]
[Date "2017.09.04"]
[Round "1.2"]
[White "Wei, Yi"]
[Black "Sambuev, Bator"]
[Result "1-0"]
[WhiteElo "2748"]
[BlackElo "2529"]
[Annotator "Sagar Shah"]
[PlyCount "91"]
[EventDate "2017.09.03"]
[EventType "k.o."]
[EventRounds "7"]
[EventCountry "GEO"]
[SourceTitle "CBM 181"]
[Source "ChessBase"]
[SourceDate "2017.11.10"]
[SourceVersion "1"]
[SourceVersionDate "2017.11.10"]
[SourceQuality "1"]
[TimeControl "40/5400+30:1800+30"]

1. e4 {[%emt 0:00:00]} e6 {[%emt 0:00:06]} 2. d4 {[%emt 0:00:00]} d5 {[%emt 0:
00:05]} 3. Nc3 {[%emt 0:00:01]} Bb4 {[%emt 0:00:23]} 4. e5 {[%emt 0:00:14]} c5
{[%emt 0:00:08]} 5. a3 {[%emt 0:00:21]} Bxc3+ {[%emt 0:00:15]} 6. bxc3 {
[%emt 0:00:08]} Ne7 {[%emt 0:00:03]} 7. a4 {[%emt 0:00:55]} Qc7 {[%emt 0:03:32]
} 8. Nf3 {[%emt 0:01:46]} b6 {[%emt 0:05:04]} 9. Bb5+ {[%emt 0:00:15]} Bd7 {
[%emt 0:01:08]} 10. Bd3 {[%emt 0:00:25]} Nbc6 {[%emt 0:00:54]} 11. O-O {
[%emt 0:00:54]} h6 {[%emt 0:04:45]} 12. Re1 {[%emt 0:09:13]} O-O {[%emt 0:01:
26]} 13. h4 {[%emt 0:11:41]} c4 {[%emt 0:02:12]} 14. Bf1 {[%emt 0:00:35]} f6 {
[%emt 0:00:45]} 15. h5 {[%emt 0:09:28]} fxe5 {[%emt 0:07:43]} 16. dxe5 {
[%emt 0:13:11]} Rf7 {[%emt 0:02:05]} 17. Ba3 {[%emt 0:01:25]} Raf8 {[%emt 0:00:
46]} 18. Bd6 {[%emt 0:00:27]} Qd8 {[%emt 0:00:19] Sambuev's play has been
natural and he is already threatening to sacrifice an exchange on f3.} 19. Be2
{[%emt 0:02:47]} Rf5 {[%emt 0:07:19] The h5-pawn is hanging now.} 20. Nh4 {
[%emt 0:04:24]} Rf4 {[%emt 0:00:39]} (20... Rxf2 {Taking the pawn was a good
idea.} 21. Bf3 R2xf3 $1 {Perhaps Sambuev didn't like the resulting positions.}
22. Nxf3 Rf4 $11) 21. Bg4 {[%emt 0:00:28]} R8f7 {[%emt 0:05:44]} (21... Rxf2
22. Nf3 Rf4 $5 $13) 22. f3 $16 {[%emt 0:01:46] White is now spoiled for choice.
} d4 {[%emt 0:04:25]} 23. Ng6 $1 {[%emt 0:04:48]} Nd5 {[%emt 0:02:35]} 24. Nxf4
{[%emt 0:00:06]} Rxf4 {[%emt 0:00:43]} 25. cxd4 {[%emt 0:04:22]} Rxd4 {[%emt 0:
00:43]} 26. Qe2 {[%emt 0:07:56]} Qg5 {[%emt 0:04:26]} 27. Qf2 {[%emt 0:02:16]}
Rd2 {[%emt 0:11:10]} 28. Re2 {[%emt 0:00:10]} Rd4 {[%emt 0:00:09]} 29. Ree1 {
[%emt 0:06:24]} Rd2 {[%emt 0:00:09]} 30. Re2 {[%emt 0:00:07]} Rd4 {[%emt 0:00:
04]} 31. Qe1 {[%emt 0:06:44]} g6 $1 {[%emt 0:03:39] A very nice move by Bator,
trying to get in the move h6-h5.} 32. Re4 $6 {[%emt 0:04:24]} (32. hxg6 h5 33.
Bh3 Nf4 $13) (32. Kh1 $1 {A prophylactic move taking away the king from the
g-file.} gxh5 33. Bh3 Nf4 {No more a double attack because of White's last
move.} 34. Re4 Rxe4 35. Qxe4 Qg3 (35... Kh8 36. Rd1 $16) 36. Rg1 $16) 32...
gxh5 {[%emt 0:03:19]} 33. Bh3 {[%emt 0:00:06]} Rd2 {[%emt 0:05:35]} 34. Kh1 {
[%emt 0:04:47]} Rxc2 {[%emt 0:01:38]} 35. f4 $6 {[%emt 0:02:23]} (35. Ba3 c3
36. Bc1 Qg6 37. Qd1 Rf2) (35. Qd1 Rd2 36. Qe1 (36. Qg1 c3) 36... c3 $17) 35...
Qg6 {[%emt 0:03:55]} (35... Nxf4 $1 36. Qe3 Nxh3 37. Qxh3) 36. f5 $1 {[%emt 0:
00:30] A beautiful idea!} exf5 {[%emt 0:00:13][%cal Rg6e4] The queen's path to
the e4-rook is now blocked.} 37. Qd1 $1 {[%emt 0:00:17][%csl Rc2,Rd5]} fxe4 {
[%emt 0:06:12]} 38. Qxd5+ {[%emt 0:00:35]} Kg7 {[%emt 0:01:33]} (38... Kh7 39.
Rg1 Bxh3 40. gxh3 {[%cal Gd5g8,Gd5e4]} Qe8 41. Qxe4+) 39. Rg1 {[%emt 0:02:39]}
(39. Bf8+ {would have done justice to the move 36.f5:} Kxf8 40. Rf1+ Bf5 41.
Rxf5+ Qxf5 42. Bxf5 $18) 39... Be8 {[%emt 0:03:17]} 40. Rf1 {[%emt 0:00:00]} h4
{[%emt 0:06:21]} 41. Bf8+ {[%emt 0:03:35]} Kh8 {[%emt 0:00:09]} 42. Ba3 {
[%emt 0:00:02]} Kg7 {[%emt 0:01:55]} 43. Rf6 {[%emt 0:00:14]} e3 {[%emt 0:10:
04]} 44. Rxg6+ {[%emt 0:00:19]} Bxg6 {[%emt 0:00:08]} 45. Qd7+ {[%emt 0:00:26]}
Kh8 {[%emt 0:00:10]} 46. Bf8 {[%emt 0:00:10] Wei Yi remains alive in the World
Cup 2017 with this win.} 1-0

[Event "FIDE World Cup"]
[Site "Tbilisi"]
[Date "2017.09.04"]
[Round "1.2"]
[White "Yu, Yangyi"]
[Black "Pourramezanali, Amirreza"]
[Result "1/2-1/2"]
[WhiteElo "2744"]
[BlackElo "2533"]
[PlyCount "45"]
[EventDate "2017.09.03"]
[EventType "k.o."]
[EventRounds "7"]
[EventCountry "GEO"]
[SourceTitle "CBM 181"]
[Source "ChessBase"]
[SourceDate "2017.11.10"]
[SourceVersion "1"]
[SourceVersionDate "2017.11.10"]
[SourceQuality "1"]

1. c4 e6 2. Nf3 d5 3. d4 Nf6 4. g3 dxc4 5. Bg2 Bb4+ 6. Nc3 O-O 7. O-O Nc6 8.
Qa4 Nd5 9. Qc2 Be7 10. Rd1 Ndb4 11. Qa4 Bd7 12. a3 Nb8 13. Qa5 Nd5 14. Nxd5
exd5 15. Qxd5 Ba4 16. Qxd8 Rxd8 17. Re1 Nc6 18. Bd2 Nxd4 19. Nxd4 Rxd4 20. Bc3
Rd7 21. Bxb7 Rb8 22. Be4 Bf6 23. Rac1 1/2-1/2

[Event "FIDE World Cup"]
[Site "Tbilisi"]
[Date "2017.09.04"]
[Round "1.2"]
[White "Zhigalko, Sergei"]
[Black "Kuzubov, Yuriy"]
[Result "0-1"]
[WhiteElo "2644"]
[BlackElo "2652"]
[Annotator "Krasenkow,M"]
[PlyCount "136"]
[EventDate "2017.09.03"]
[EventType "k.o."]
[EventRounds "7"]
[EventCountry "GEO"]
[SourceTitle "CBM 181"]
[Source "ChessBase"]
[SourceDate "2017.11.10"]
[SourceVersion "1"]
[SourceVersionDate "2017.11.10"]
[SourceQuality "1"]

1. d4 Nf6 2. c4 e6 3. Nf3 d5 4. Nc3 Nbd7 5. cxd5 exd5 6. Bf4 c6 7. e3 Nh5 8.
Bg5 Be7 9. Bxe7 Qxe7 10. Qc2 Nb6 11. Ne5 (11. O-O-O {- see Nakamura - Aronian
in CBM 173.}) (11. h3 {is another popular move.}) 11... g6 {[%cal Yc8f5,Yh5g7]}
(11... Nf6 12. Bd3 g6 13. O-O Ng4 14. Nf3 O-O 15. Rab1 Nh6 16. b4 a6 17. Rfe1
Bf5 18. e4 dxe4 19. Nxe4 Rad8 20. a4 Nd5 21. Qd2 Kg7 22. b5 $14 {1/2 (40)
Radjabov,T (2747)-Morozevich,A (2762) Sochi 2007}) 12. Be2 (12. Bd3 f6 13. Nf3
Nf4) (12. O-O-O Bf5 13. Qe2 Nf6 14. g4 Be6 15. f3 O-O-O 16. h4 Nfd7 17. Nd3
Rhe8 18. Bg2 f6 19. Qf2 Qd6 20. Kb1 Kb8 $11 {1-0 (71) Le,Q (2715)-Ponomariov,R
(2764) Dortmund 2011 CBM 144 [Le Quang Liem]}) (12. g4 Ng7 13. h3 f6 14. Nd3
Bd7 15. Nc5 Ne6 $1 16. Nxd7 Qxd7 17. h4 O-O-O 18. O-O-O Kb8 19. h5 g5 20. h6
Nc7 21. Bd3 Ne8 $11 {[%cal Ye8d6]} (21... Nb5 $6 22. Nxb5 cxb5 23. Kb1 Nc4 24.
Qe2 $14 {[%csl Rb5,Rb7,Rd5] 1/2 (41) Hertneck,G (2502)-Hansen,C (2610) Germany
2002})) 12... Ng7 (12... Bf5 13. Qb3 f6 14. Nf3 Ng7 15. O-O Nc8 $6 (15... O-O {
was apparently quite possible}) 16. Rfe1 Nd6 17. Nd2 Be6 18. Qa3 Kf7 19. b4 $14
b5 $6 20. e4 $1 {1-0 (78) Tregubov,P (2535)-Smagin,S (2575) St Petersburg 1998
CBM 067 [Tsesarsky]}) 13. O-O O-O $11 {Black is ready to play ...Bc8-f5 at an
appropriate moment and solve all his problems.} 14. Bd3 (14. Rfe1 Bf5 15. Qb3
Nc8 16. Na4 Nd6 17. Rac1 f6 18. Nd3 Bxd3 19. Bxd3 f5 20. Bf1 Ne6 21. Qd1 g5 22.
g3 Rf6 23. b3 Rh6 24. Nb2 Kh8 25. Nd3 Rg8 $13 {1/2 (37) Beliavsky,A (2630)
-Heberla,B (2525) Plovdiv 2012}) 14... Bf5 15. Rab1 Bxd3 16. Qxd3 Nf5 17. b4
Rfc8 18. Rfc1 Nd6 19. a4 f6 20. Nf3 Ne4 21. Nxe4 dxe4 22. Qb3+ Qf7 23. Nd2 Qxb3
24. Rxb3 f5 25. a5 Nd5 26. Nc4 a6 27. g3 Re8 28. Nb6 {A risky decision.
White's b6-pawn becomes vulnerable.} (28. h4 $11 {was quite safe.}) 28... Nxb6
29. axb6 {[%mdl 4096]} Rad8 30. Rc5 Kf7 31. Rbc3 Re7 32. h4 Red7 33. Kf1 Rd5
34. Ke2 Ke6 {Black has the initiative here as White's rooks are tied up to
prevent ...Rd5-b5, and Black can gradually prepare ...h7-h6 and ...g6-g5.
However, White should hold on without major problems.} 35. Rxd5 $6 {An
inaccurate exchange. White underestimates his opponent's reply.} cxd5 $1 {
[%cal Rd8d6]} ({After} 35... Rxd5 36. Rc5 Rxc5 37. bxc5 Kd5 38. Kd2 Kc4 39. Kc2
{Black can't break through.}) 36. b5 (36. Rc7 Rd7) 36... axb5 37. Rc7 Rd7 38.
Rc5 Rd6 39. Rxb5 Rc6 40. Kd2 Kd6 41. h5 {Unnecessary.} ({After} 41. Rb1 Rc4 42.
Rb5 Kc6 43. Ra5 {Black could hardly make progress.}) 41... gxh5 42. Rb1 Kd7 43.
Rh1 Rh6 44. Rh4 Kc6 45. Kc3 Kxb6 46. Kb4 Kc6 47. Rf4 $6 {Another inaccuracy.
It was better to wait:} (47. Ka5) 47... h4 $1 48. gxh4 (48. Rxh4 $2 Rxh4 49.
gxh4 b5 50. Ka5 h5 $19) 48... Rf6 49. Ka4 b6 50. Kb4 b5 51. h5 (51. Ka5 $5 Rf8
52. Kb4 Kd6 53. Kxb5 Rb8+ 54. Ka4 Ke6 55. Ka3) 51... Rf8 52. Ka5 h6 53. f3 $6 {
Probably a decisive mistake. There was no need to weaken the e3-pawn.} ({
It is still unclear how Black can win after} 53. Kb4 Kb6 54. Rh4 Rg8 55. Rf4
Rg5 56. Rh4 Rg4 57. Rh1 {[%cal Yh1c1]} Rg2 58. Rf1) 53... Rf7 54. Kb4 Rf6 55.
Ka5 Rf8 56. Kb4 Kb6 $6 (56... Kd6 $1) 57. Kb3 $6 (57. fxe4 $5 dxe4 58. d5 Kc7
59. Kxb5 Kd6 60. Kc4 Ke5 61. Rf1 {looks like White's last chance to survive. E.
g.} Rc8+ 62. Kb4 $1 Rd8 63. Kc4 $1 Rc8+ 64. Kb4 Rc2 65. Rd1 $1 Kd6 66. Rf1 {
etc.}) 57... Kc7 58. Kb4 Kd6 59. fxe4 dxe4 60. Kxb5 Ke6 61. Rf1 (61. Kb4 {
was more stubborn but White should probably lose in the long term:} Rb8+ $1 (
61... Rc8 62. Rf1 Rc2 63. d5+ Ke5 64. Rd1 Kd6 65. Rf1) (61... Rg8 62. Rf1 Rg3
63. d5+) 62. Kc3 Ra8 63. Rf1 (63. Kb2 Rg8 64. Rf1 Rg2+) (63. Kb3 Ra1) 63...
Ra3+ 64. Kd2 Ra2+ 65. Ke1 Kf6 {etc.}) 61... f4 $1 {Black creates a strong
passed pawn, which decides the game.} 62. exf4 Kd5 63. Kb4 Kxd4 64. Rd1+ Ke3
65. Rd6 Kf2 66. Rxh6 e3 67. Re6 e2 68. Kc5 Rxf4 0-1

[Event "FIDE World Cup"]
[Site "Tbilisi"]
[Date "2017.09.05"]
[Round "1.3"]
[White "Adhiban, Baskaran"]
[Black "Nguyen, Ngoc Truong Son"]
[Result "1/2-1/2"]
[WhiteElo "2677"]
[BlackElo "2629"]
[PlyCount "140"]
[EventDate "2017.09.03"]
[EventType "k.o."]
[EventRounds "7"]
[EventCountry "GEO"]
[SourceTitle "CBM 181"]
[Source "ChessBase"]
[SourceDate "2017.11.10"]
[SourceVersion "1"]
[SourceVersionDate "2017.11.10"]
[SourceQuality "1"]

1. e4 e5 2. Nc3 Nf6 3. g3 d5 4. exd5 Nxd5 5. Bg2 Nxc3 6. bxc3 Bc5 7. Nf3 Nc6 8.
O-O O-O 9. Re1 Qf6 10. d3 Bb6 11. Be3 Bg4 12. h3 Bh5 13. g4 Bg6 14. Nd2 Rad8
15. Qf3 Qxf3 16. Bxf3 Ba5 17. Rab1 Bxc3 18. Rxb7 Nd4 19. Bxd4 Rxd4 20. Re2 Bxd2
21. Rxd2 e4 22. Be2 exd3 23. cxd3 c5 24. Rc7 Rfd8 25. Rxc5 h5 26. Rc3 hxg4 27.
hxg4 f5 28. gxf5 Bxf5 29. Rc7 Bxd3 30. Rxd3 Rxd3 31. Bxd3 Rxd3 32. Rxa7 Rd2 33.
Kg2 Kh7 34. Kf3 Kg6 35. Ke3 Rc2 36. a4 Rc3+ 37. Ke4 Rc4+ 38. Kd3 Rf4 39. Ke3
Rb4 40. a5 Ra4 41. a6 Ra3+ 42. Ke4 Ra2 43. Kf3 Ra3+ 44. Kg2 Kf6 45. Ra8 Kg6 46.
f3 Kh7 47. Kg3 Ra4 48. f4 g6 49. Kg4 Kg7 50. Ra7+ Kf6 51. Ra8 Kg7 52. Kf3 Kf6
53. Ke3 Kg7 54. Kf3 Kf6 55. Ke2 Kg7 56. Ke3 Kf6 57. Kd3 Kg7 58. Kc3 Rxf4 59.
Rc8 Ra4 60. Rc7+ Kh6 61. a7 g5 62. Kb3 Ra1 63. Kb4 g4 64. Kb5 Kg5 65. Kb6 Kf4
66. Kb5 Kf3 67. Rc3+ Kf2 68. Rc2+ Kf3 69. Rc3+ Kf2 70. Rc2+ Kf3 1/2-1/2